1 Drużyna Ones Two Watch w FIFIE 22 - Statystyki

Ogólne statystyki
  • Ten quiz został rozwiązany 11 razy
  • Średni wynik to 4 z 11
Statystyki odpowiedzi
Piłłkarz % Poprawnych
Ronaldo
78%
Varane
56%
Malen
44%
Saul
44%
Upamecano
44%
Berghuis
33%
Hakimi
33%
Dumfries
22%
Locatelli
22%
Alaba
11%
Grealish
11%
Nie znaleziono quizów pasujących do podanych kryteriów
Rozkład punktacji
Procent ludzi z każdym wynikiem
Percentyl według liczby udzielonych odpowiedzi
Twoja historia wyników
Nie rozwiązałeś tego quizu